| 000 | 00624nam a22001817a 4500 | ||
|---|---|---|---|
| 999 |
_c57377 _d57377 |
||
| 003 | Ge_BSU | ||
| 005 | 20200611154437.0 | ||
| 008 | 200611s2015 ge ||||| |||| 00| 0 geo d | ||
| 041 | _ageo | ||
| 080 | _a616.31-089(075.8) ნ-48 | ||
| 100 |
_aნემსაძე, ოთარ _98368 |
||
| 245 |
_aქირურგიული სტომატოლოგია : _b [სახელმძღვ.] / _cოთარ ნემსაძე. |
||
| 264 |
_aთბ. , _c2015 |
||
| 300 |
_a564 გვ. _b20 სმ. |
||
| 653 | _aმედიცინა | ||
| 653 | _aსტომატოლოგია | ||
| 942 |
_2udc _cBK |
||